000 00495 a2200181 4500
003 OSt
005 20260307143946.0
008 260307b |||||||| |||| 00| 0 eng d
020 _a9789353900281
040 _coclc
082 _a894.8123
_bJOS/R
100 1 _aJōs, Lājō
_96897
245 _aRUTHINTE LOKAM /
_cLAJO JOSE
250 _a13thEd.
260 _aKottayam:
_bD C Books.
_c2026,
300 _a232 pages
942 _2ddc
_cBK
_h894.8123
_iJOS/R
_k894.8123
_mJOS/R
999 _c44680
_d44680